000 00327 a2200157 4500
001 61104
020 _a8526259024
040 _cAnchieta - Pituba
100 _aRubin, Sarah Giersztel
240 1 0 _aInglês
_lIng
245 1 0 _aInglês
300 _a128
362 0 _a2005
650 4 _aInglês e inglês antigo
942 _cBK
999 _c61104
_d61104